Zatoki Azji - Statystyki

Ogólne statystyki
  • Ten quiz został rozwiązany 65 razy
  • Średni wynik to 4 z 7
Statystyki odpowiedzi
Kraje Zatoka % Poprawnych
Iran/Irak/Kuwejt/Arabia Saudyjska/Bahrajn/Katar/ZEA/Oman Perska
87%
Indie/Bangladesz/Mjanma Bengalska
85%
Jemen/Dżibuti/Somalia Adeńska
74%
Wietnam/Kambodża/Tajlandia Tajlandzka
69%
Indie/Pakistan/Oman/Jemen Arabska
54%
Rosja(przy morzu Karskim) Obska
23%
Chiny/Wietnam Tonkińska
23%
Nie znaleziono quizów pasujących do podanych kryteriów
Rozkład punktacji
Procent ludzi z każdym wynikiem
Percentyl według liczby udzielonych odpowiedzi
Twoja historia wyników
Nie rozwiązałeś tego quizu